Indovina la nazione dal giocatore - Inter - Statistics

Statistiche generali
  • Questo quiz è stato fatto 309 volte
  • Il punteggio medio è 10 su 11
Statistiche sulle risposte
con Immagini Risposta % Corretto
Italia
100%
Argentina
99%
Belgio
96%
Croazia
96%
Paesi Bassi
96%
Turchia
96%
Armenia
91%
Slovenia
91%
Camerun
89%
Germania
88%
Albania
81%
Nessun quiz corrispondente trovato
Distribuzione punteggi
Percentuale di utenti per punteggio
Percentile per numero di risposta
I tuoi punteggi nel tempo
Non hai fatto questo quiz